000 00466nam a2200181Ia 4500
001 16014
005 20260306170238.0
008 260306t2011||||xx |||||||||||||| ||und||
041 _aESP
082 _a346.52
_bM88
100 _aCollantes González Jorge Luis (dir.)
_eAUT
245 0 _aDerecho de daños:
_buna perspectiva contemporánea
260 _c2011
300 _a586 páginas :
_c24 cm.
650 _aGEN
654 _aCDE
942 _cLIB
_dJUS
_fJUS
_2ddc
_n
999 _c16014
_d16014